| 000 | 00720cam a2200241 4500 | ||
|---|---|---|---|
| 008 | 090401t1997 xxu||||| |||| 00| 0 eng d | ||
| 020 | _a0582302013 | ||
| 035 | _a(Sirsi) u84397 | ||
| 041 | _aeng | ||
| 050 | _a692.2 | ||
| 100 | _aBarritt, C.M.H. | ||
| 245 | 4 | _aThe building acts and regulations applied : buildings for public assembly and residential use. | |
| 260 |
_aHarlow, Essex _bAddison Wesley Longman _c1997 |
||
| 300 | _axviii,366p. : ill. ; 24cm. | ||
| 350 | _a18.99 | ||
| 650 | _aBUILDING ACTS | ||
| 650 |
_aBUILDING CONTROL _96222 |
||
| 650 |
_aBUILDING REGULATIONS _96224 |
||
| 650 | _aPUBLIC BUILDINGS | ||
| 690 | _aBUILDING AND CONSTRUCTION-REGULATIONS | ||
| 942 | _n0 | ||
| 948 | _c20/02/1998 | ||
| 999 |
_c96937 _d96937 |
||